[Event "Oslo ASKO op"]
[Site "Oslo"]
[Date "2006.11.24"]
[Round "1"]
[White "Roholdt, Njaal"]
[Black "Briseid, Hakon"]
[Result "0-1"]
[WhiteElo "1225"]
[BlackElo "1635"]
[PlyCount "62"]
[EventDate "2006.11.24"]
[EventType "swiss"]
[EventRounds "5"]
[EventCountry "NOR"]
[SourceTitle "EXT 2008"]
[Source "ChessBase"]
[SourceDate "2007.11.25"]
[SourceVersion "1"]
[SourceVersionDate "2007.11.25"]
[SourceQuality "1"]

1. d4 Nf6 2. c4 c5 3. d5 b5 4. Qc2 bxc4 5. e4 d6 6. Bxc4 g6 7. Nf3 Bg7 8. 0-0 0-0 9. Re1 Nbd7 10. Bf4 Nb6 11. Bd3 Rb8 12. Nbd2 h6 13. Rac1 Nbxd5 14. exd5 Nxd5 15. Qc4 Rb4 16. Qc2 Nxf4 17. Bc4 Bf5 18. Qd1 Bxb2 19. Nh4 Bxc1 20. Nxf5 gxf5 21. Bb3 e6 22. Nc4 Qg5 23. Qf3 Nxg2 24. Qxg2 Qxg2+ 25. Kxg2 Bf4 26. Kf3 Bg5 27. Nxd6 Rd8 28. Nc4 Rd3+ 29. Ke2 Rd4 30. Rg1 Rdxc4 31. Kd3 Rg4 0-1

[Event "Oslo ASKO Hostturnering"]
[Site "Oslo"]
[Date "2006.11.14"]
[Round "6"]
[White "Ahman, Tage"]
[Black "Briseid, Hakon"]
[Result "0-1"]
[WhiteElo "1516"]
[BlackElo "1635"]
[PlyCount "38"]
[EventDate "2006.09.12"]
[EventType "swiss"]
[EventRounds "7"]
[EventCountry "NOR"]
[SourceTitle "EXT 2008"]
[Source "ChessBase"]
[SourceDate "2007.11.25"]
[SourceVersion "1"]
[SourceVersionDate "2007.11.25"]
[SourceQuality "1"]

1. e4 e5 2. Nf3 Nc6 3. d4 exd4 4. Nxd4 Bc5 5. Nxc6 Qf6 6. Qe2 dxc6 7. Nc3 Nh6 8. Bxh6 Qxh6 9. g3 Be6 10. f4 0-0-0 11. Na4 Bb4+ 12. c3 Be7 13. b4 g5 14. Nc5 gxf4 15. Nxb7 f3 16. Qf2 Kxb7 17. b5 Bc5 18. bxc6+ Ka8 19. Qb2 Qe3+ 0-1